| 000 | 01220nam a22003617a 4500 | ||
|---|---|---|---|
| 003 | CHAP | ||
| 005 | 20220329143303.0 | ||
| 008 | 080213d2005 mx r 00110 spa d | ||
| 010 | _a94438 | ||
| 011 | _a95410 | ||
| 020 | _a9680201686 | ||
| 035 | _a106035 | ||
| 040 | _cCHAP | ||
| 090 | _aFolleto 17208 | ||
| 100 | 1 |
_aPoméon, Thomas. _990758 |
|
| 245 | 1 | 3 |
_aEl sistema agroalimentario localizado (SIAL) : _bel caso de los quesos de Tlaxco, Tlaxcala _cpor Thomas Pomeon [y otros] |
| 260 |
_aChapingo, Méx., : _bUACH. CIESTAAM _c2005 |
||
| 300 |
_a36 h. ; _bgráfs. ; cuadros |
||
| 490 |
_aReporte de investigación _v; 74 |
||
| 590 |
_aBATCH-UPD _b10 _c20130109 _lUCH01 _h2349 |
||
| 590 |
_aBATCH-UPD _b10 _c20130110 _lUCH01 _h1744 |
||
| 590 |
_aBATCH-UPD _b10 _c20130410 _lUCH01 _h1123 |
||
| 590 |
_aBATCH-UPD _b10 _c20130914 _lUCH01 _h1717 |
||
| 590 |
_aCONVERSION _b10 _c20130109 _lUCH01 _h1352 |
||
| 650 | 1 | 4 |
_aLeche _xMercadeo _zTlaxcala. _965393 |
| 650 | 1 | 4 |
_aQueso _xMercadeo. _993230 |
| 650 | 1 | 4 |
_aQueso _xProcesado. _993233 |
| 830 | 0 |
_aReporte de investigación _v; 74 _996000 |
|
| 901 | _aBK | ||
| 905 | _aLuisgm | ||
| 942 | _cFOLL | ||
| 949 |
_aFolleto 17208 _bBC _cFOLL _d33724002028439 _eTS1 _gDonaciØn _i106035 _sb |
||
| 999 |
_c94438 _d94438 |
||